Estadísticas para Municipios más poblados de España por Comunidad

Haz click aquí para tomar la prueba!

Estadísticas generales

  • Esta prueba ha sido tomada 558 veces
  • La puntuación promedio es 53 de 85

Estadísticas de respuestas

ComunidadPoblaciónMunicipio% Correcto
Com. Valenciana764.288Valencia
96%
Cataluña1.636.762Barcelona
95%
Galicia245.711La Coruña
94%
Murcia453.258Murcia
94%
Galicia295.364Vigo
94%
Andalucía688.592Sevilla
93%
Aragón674.997Zaragoza
93%
Com. Valenciana334.887Alicante
92%
Asturias271.780Gijón
92%
Asturias219.686Oviedo
92%
Castilla La Mancha84.873Toledo
92%
Com. Valenciana171.728Castellón de la Plana
91%
Castilla y León124.303León
91%
Extremadura150.702Badajoz
90%
País Vasco346.843Bilbao
90%
Extremadura96.126Cáceres
90%
Galicia98.276Lugo
90%
Madrid3.266.126Madrid
90%
Galicia97.260Santiago de Compostela
90%
Andalucía574.654Málaga
89%
Canarias207.312Santa Cruz de Tenerife
89%
Castilla y León298.412Valladolid
89%
Castilla La Mancha173.329Albacete
88%
Aragón53.132Huesca
88%
Galicia105.233Orense
88%
Andalucía232.462Granada
87%
Cantabria172.539Santander
87%
Aragón35.890Teruel
87%
Castilla y León175.821Burgos
86%
Castilla La Mancha74.746Ciudad Real
86%
Baleares416.065Palma de Mallorca
86%
Navarra201.653Pamplona
86%
País Vasco187.415San Sebastián
86%
La Rioja151.136Logroño
85%
Extremadura59.335Mérida
85%
Murcia214.802Cartagena
84%
Andalucía325.701Córdoba
84%
Castilla y León144.228Salamanca
84%
Canarias379.925Las Palmas de Gran Canaria
82%
País Vasco251.774Vitoria
80%
Castilla La Mancha85.871Guadalajara
79%
Baleares49.783Ibiza
78%
Cataluña264.923Hospitalet de Llobregat
77%
Castilla y León78.412Palencia
75%
Com. Valenciana232.517Elche
74%
Cataluña220.440Badalona
65%
Asturias78.182Avilés
64%
Madrid209.184Móstoles
63%
Madrid195.649Alcalá de Henares
59%
Murcia94.404Lorca
58%
País Vasco100.881Baracaldo
57%
Madrid189.861Leganés
57%
Cataluña213.644Sabadell
57%
Andalucía212.749Jerez de la Frontera
56%
Castilla La Mancha83.417Talavera de la Reina
55%
Madrid193.700Fuenlabrada
51%
País Vasco77.946Guecho
48%
Navarra36.258Tudela
46%
Cataluña220.556Tarrasa
45%
Canarias157.503San Cristóbal de la Laguna
43%
Baleares43.808Manacor
42%
Extremadura39.913Plasencia
42%
Cantabria51.494Torrelavega
42%
Aragón20.024Calatayud
38%
Extremadura37.151Don Benito
36%
La Rioja11.408Haro
36%
Canarias102.647Telde
36%
Com. Valenciana83.337Torrevieja
36%
La Rioja24.220Calahorra
35%
Cantabria32.069Castro-Urdiales
31%
Asturias39.420Langreo
26%
Canarias81.216Arona
23%
Murcia42.048Alcantarilla
22%
Murcia71.890Molina de Segura
21%
La Rioja14.875Arnedo
19%
Baleares50.559Calvià
17%
Aragón18.691Utebo
14%
Navarra19.096Burlada
11%
Asturias51.667Siero
11%
Navarra20.199Barañaín
9%
Baleares38.015Santa Eulalia del Río
8%
La Rioja10.500Lardero
6%
Cantabria30.260Camargo
5%
Cantabria25.559Piélagos
4%
Navarra21.128Valle de Egüés
4%

Distribución de puntuación

Porcentaje por número respondido

Porcentaje de gente con cada puntuación

Historial de tus puntuaciones

No has tomado esta prueba